000 01574cam a2200397 i 4500
999 _c3547
_d3547
001 455177
003 GBCCL
005 20241126110457.0
008 790213s1978 cou b 000 0 eng
010 _a 78018109
020 _a089109430X
020 _a9780891094302
029 1 _aAU@
_b000001366233
029 1 _aNZ1
_b3775992
035 _a(OCoLC)ocm04835391
035 _a(OCoLC)4835391
040 _aDLC
_beng
_cDLC
_dBAKER
_dWY@
_dYDXCP
_dOCLCO
_dOCLCF
_dCFT
_dOCLCQ
_dMXL
_dOCLCO
_dLBB
049 _aLBBA
050 0 0 _aBT767
_b.B83
082 0 4 _a248.4
_bBRI
090 _aBT767
_b.B83
100 1 _aBridges, Jerry.
_97091
245 1 4 _aThe pursuit of holiness /
_cJerry Bridges.
260 _aColorado Springs :
_bNavpress,
_c1978.
300 _a158 pages ;
_c18 cm.
336 _atext
_btxt
_2rdacontent
337 _aunmediated
_bn
_2rdamedia
338 _avolume
_bnc
_2rdacarrier
490 1 _aA Navigator book
504 _aIncludes bibliographical references.
505 0 _aHoliness is for you -- The holiness of God -- Holiness is not an option -- The holiness of Christ -- A change of kingdoms -- The battle for holiness -- Help in the daily battle -- Obedience -- not victory -- Putting sin to death -- The place of personal discipline -- Holiness in body -- Holiness in spirit -- Holiness and our wills -- Habits of holiness -- Holiness and faith -- Holiness in an unholy world -- The joy of holiness.
650 0 _aHoliness.
_95204
650 7 _aHoliness.
_2fast
_0(OCoLC)fst00958754
_95204
830 0 _aNavigator book.
_97092
942 _2ddc
_cBK
_07